000 00459nam a2200181Ia 4500
003 GCL
008 140319s9999 xx 000 0 eng d
040 _aGCL /
_cGCL
082 0 4 _a843
_bF C
100 1 _aTROYAT, HENRI
245 1 0 _aFLAUBERT: UN COEUR SIMPLE /
_cTROYAT, HENRI
260 _a[S.N] :
_bFLAMMARION ،
_c1988
300 _a398 P
490 _aLE LIVRE DE POCHE
_v0
650 0 4 _aFLAUBERT, GUSTAVE
650 0 4 _aBIOGRAPHIES
942 _2ddc
_cBK
999 _c10736
_d10736